• 首页
  • 本馆介绍
  • 公告通知
  • 最新文献
  • 馆藏检索
  • 电子资源
  • 读者导购
  • 参考咨询
  • 我的图书馆
  • 登录
  • 详细信息显示
  • 放入我的书架
  • 预约/预借图书
  • 作者相关作品
  • 分类相关作品
  • 丛书相关作品
  • 出版社相关作品

书目信息

  • 表格格式
  • 工作单格式
  • 卡片格式
题名:
工业防毒技术
    
 
作者: 江熊 主编
分册:  
出版信息: 北京   化学工业出版社  1982.6
页数: 528页
开本: 21cm
丛书名: 劳动保护丛书
单 册:
中图分类: R136
科图分类:
主题词: 劳动卫生
电子资源:
ISBN:
000 00558nam0 2200205 45
001 0181012985
005 20060418094454.82
010    @dCNY1.35
100    @a20810111d km y0chiy0120 ea
101 0  @achi
200 1  @a工业防毒技术@Agong ye fang du ji shu@f江熊主编@Fjiang xiong zhu bian
210    @a北京@c化学工业出版社@d1982.6
215    @a528页@d21cm
225 2  @a劳动保护丛书
410  0 @12001 @a劳动保护丛书
606 0  @a劳动卫生
690    @aR136
701 0  @a江熊@Ajiang xiong@4主编
801    @aCN@bTSTC@c20060418
905    @dR136@e7@f2@b107792-93
    
    工业防毒技术/江熊主编.-北京:化学工业出版社,1982.6
    528页;21cm.-(劳动保护丛书)
    
    
    ISBN :CNY1.35
    
●
相关链接 在E读中查询图书 在五车中查询图书 在当当中查询图书 在豆瓣中查询图书


正题名:工业防毒技术     索取号:R136/7         预约/预借

序号 登录号 条形码 馆藏地/架位号 状态 备注
1 0107792   202243321   密集书库/ [索取号:R136/7] 在馆    
2 0107793   000707417   第二样本阅览室/ [索取号:R136/7] 在馆    
唐山师范学院图书馆 欢迎您!
大连网信软件有限公司© 版权所有